[Event "BL 1819 SV 1920 Hofheim - SC Viernheim"]
[Site "?"]
[Date "2018.11.25"]
[Round "4.2"]
[White "Perske, Thore"]
[Black "Anton Guijarro, David"]
[Result "0-1"]
[WhiteElo "2448"]
[BlackElo "2649"]
[PlyCount "86"]
[EventDate "2018.??.??"]

1. e4 e5 2. Nf3 Nc6 3. Nc3 Nf6 4. Bb5 Bd6 5. d3 O-O 6. a3 a6 7. Ba4 Nd4 8. Nxd4
exd4 9. Ne2 c5 10. c3 dxc3 11. Nxc3 Be5 12. f4 Bd4 13. e5 b5 14. Bb3 d5 15.
exf6 Re8+ 16. Kf1 c4 17. Bc2 Qxf6 18. Bd2 Bxc3 19. bxc3 d4 20. dxc4 dxc3 21.
Be1 Bf5 22. Bxf5 Qxf5 23. Qf3 c2 24. g4 Qe6 25. Kg2 Qxc4 26. Rc1 Rad8 27. Bg3
a5 28. Rhe1 b4 29. axb4 axb4 30. Rxe8+ Rxe8 31. Be1 b3 32. Bc3 h6 33. Bb2 Re2+
34. Kh1 Re4 35. Rf1 Re3 36. Qf2 Qd3 37. Kg1 Re2 38. Qd4 Qxd4+ 39. Bxd4 Re4 40.
Bc3 Rxf4 41. Bb2 Rxg4+ 42. Kf2 Ra4 43. Ke3 Ra2 0-1

[Event "BL 1819 SV 1920 Hofheim - SC Viernheim"]
[Site "?"]
[Date "2018.11.25"]
[Round "4.3"]
[White "Amin, Bassem"]
[Black "Ginsburg, Gennadi"]
[Result "1-0"]
[WhiteElo "2709"]
[BlackElo "2418"]
[PlyCount "67"]
[EventDate "2018.??.??"]

1. e4 c5 2. Nf3 Nc6 3. Bb5 g6 4. Bxc6 dxc6 5. d3 Bg7 6. h3 Nf6 7. Nc3 O-O 8.
Be3 b6 9. Qd2 e5 10. Bh6 Qd6 11. O-O-O a5 12. g4 a4 13. Rhg1 b5 14. Ne2 a3 15.
b3 Re8 16. Ng3 c4 17. Bxg7 Kxg7 18. dxc4 Qxd2+ 19. Nxd2 Nd7 20. cxb5 cxb5 21.
Ndf1 Nc5 22. Rd5 Na6 23. Rxb5 Bd7 24. Rb6 Rec8 25. Ne3 Nc5 26. Rd1 Be6 27. f3
Ra7 28. Ne2 Rac7 29. c4 Nd7 30. Ra6 Nc5 31. Rxa3 h5 32. gxh5 gxh5 33. h4 Rb7
34. Kc2 1-0

[Event "BL 1819 SV 1920 Hofheim - SC Viernheim"]
[Site "?"]
[Date "2018.11.25"]
[Round "4.4"]
[White "Womacka, Mathias"]
[Black "Maze, Sebastien"]
[Result "1/2-1/2"]
[WhiteElo "2449"]
[BlackElo "2602"]
[PlyCount "82"]
[EventDate "2018.??.??"]

1. e4 c5 2. Nf3 Nc6 3. d4 cxd4 4. Nxd4 Nf6 5. Nc3 d6 6. Bg5 e6 7. Qd2 Be7 8.
O-O-O a6 9. Bxf6 gxf6 10. f4 Bd7 11. Bc4 Rc8 12. f5 Nxd4 13. Qxd4 b5 14. Bb3
Rc5 15. Ne2 a5 16. a3 Qc8 17. Kb1 O-O 18. Nf4 Kh8 19. Qd2 exf5 20. Nd5 Qd8 21.
Nxe7 Qxe7 22. Qxd6 Qxd6 23. Rxd6 Bc8 24. Bd5 fxe4 25. Bxe4 Be6 26. Rhd1 Kg7 27.
b3 f5 28. Bd3 Rb8 29. Kb2 Kf6 30. Re1 h5 31. Rd4 Rg8 32. g3 Rg4 33. Rf4 h4 34.
b4 axb4 35. axb4 Rd5 36. Ref1 Ke5 37. Re1+ Kd6 38. Ref1 hxg3 39. hxg3 Ke5 40.
Rxg4 fxg4 41. Kc3 Kd6 1/2-1/2

[Event "BL 1819 SV 1920 Hofheim - SC Viernheim"]
[Site "?"]
[Date "2018.11.25"]
[Round "4.5"]
[White "Kovalenko, Igor"]
[Black "Gurevich, Vladimir"]
[Result "1-0"]
[WhiteElo "2644"]
[BlackElo "2469"]
[PlyCount "123"]
[EventDate "2018.??.??"]

1. c4 e5 2. Nc3 Nf6 3. Nf3 Nc6 4. e3 Bb4 5. Qc2 Bxc3 6. bxc3 d6 7. e4 O-O 8.
Be2 Re8 9. d3 Nd7 10. Bg5 f6 11. Be3 Nc5 12. Nh4 g6 13. g3 Bd7 14. O-O Bh3 15.
Ng2 Ne6 16. Qd2 Qe7 17. Rae1 Ncd8 18. Bd1 Nf7 19. f3 Ng7 20. f4 b6 21. Rf2 Rf8
22. Bf3 Rae8 23. Qd1 Qd7 24. Bc1 Bxg2 25. Bxg2 exf4 26. Rxf4 Ne5 27. Ref1 Qe7
28. d4 Nd7 29. g4 Ne6 30. R4f3 Ng5 31. Re3 Kg7 32. Qa4 a5 33. Qc6 Nb8 34. Qb5
Qd7 35. h3 Re6 36. Re2 Qxb5 37. cxb5 Rfe8 38. Rfe1 Nf7 39. Kf2 Nd7 40. a4 R6e7
41. Ke3 h6 42. Kd3 Rh8 43. h4 h5 44. gxh5 Rxh5 45. Rh1 Re8 46. Bf3 Rh7 47. Reh2
Reh8 48. Bf4 Kf8 49. Bg3 Ke7 50. Bg4 Nd8 51. Rf1 Ne6 52. Kc4 Rf7 53. Re2 Rhf8
54. Kd5 Ng7 55. Kc6 Kd8 56. Bf4 f5 57. exf5 Nxf5 58. Bg5+ Kc8 59. Rfe1 Nb8+ 60.
Kd5 Kb7 61. Kc4 Ng7 62. Re7 1-0

[Event "BL 1819 SV 1920 Hofheim - SC Viernheim"]
[Site "?"]
[Date "2018.11.25"]
[Round "4.6"]
[White "Margolin, Boris"]
[Black "Tarlev, Konstantin"]
[Result "0-1"]
[WhiteElo "2386"]
[BlackElo "2557"]
[PlyCount "94"]
[EventDate "2018.??.??"]

1. e4 c5 2. g3 g6 3. Bg2 Bg7 4. f4 Nc6 5. d3 e6 6. Nf3 Nge7 7. O-O O-O 8. c3 b6
9. Na3 Bb7 10. Be3 d6 11. Nc2 Qd7 12. Qd2 f5 13. exf5 gxf5 14. d4 c4 15. b3
cxb3 16. axb3 Nd5 17. Qe1 Nf6 18. Bc1 Na5 19. Ra3 Be4 20. Ne3 Nc6 21. Qd1 b5
22. c4 Nb4 23. cxb5 Qxb5 24. Nc4 Qd7 25. Ra4 Nbd5 26. Bb2 Rfb8 27. Re1 Nb6 28.
Ra2 Nxc4 29. bxc4 Rb4 30. Qe2 Rab8 31. Ba1 Rb1 32. Nd2 Bd3 33. Nxb1 Bxe2 34.
Raxe2 d5 35. cxd5 exd5 36. Nd2 Ne4 37. Nf3 Rb4 38. Ne5 Qb5 39. Bxe4 fxe4 40.
Kg2 Rb1 41. Bc3 Rxe1 42. Rxe1 Bxe5 43. fxe5 Qd3 44. Rc1 Qe3 45. Rc2 Qf3+ 46.
Kh3 e3 47. Ba5 Qf5+ 0-1

[Event "BL 1819 SV 1920 Hofheim - SC Viernheim"]
[Site "?"]
[Date "2018.11.25"]
[Round "4.7"]
[White "Beikert, Guenther"]
[Black "Zude, Arno"]
[Result "0-1"]
[WhiteElo "2403"]
[BlackElo "2349"]
[PlyCount "106"]
[EventDate "2018.??.??"]

1. e4 e5 2. Nf3 Nc6 3. Bb5 a6 4. Bxc6 dxc6 5. O-O Bg4 6. h3 h5 7. d3 Qf6 8. Be3
Bxf3 9. Qxf3 Qxf3 10. gxf3 Bd6 11. Nd2 Ne7 12. Rfb1 Ng6 13. Kf1 Nf8 14. Ke2 Ne6
15. c3 a5 16. d4 a4 17. Nc4 exd4 18. cxd4 O-O 19. Rd1 Be7 20. d5 cxd5 21. Rxd5
Bf6 22. Rad1 g6 23. f4 Rfe8 24. f5 Nf4+ 25. Bxf4 Rxe4+ 26. Ne3 Rxf4 27. fxg6
fxg6 28. Rd7 Rf8 29. Nd5 Re4+ 30. Kf1 Bh4 31. Rd2 c6 32. Nc3 Ref4 33. Rxb7 Bxf2
34. Rdd7 Re8 35. Kg2 Bd4 36. Rd6 h4 37. Rxg6+ Kf8 38. Rd7 c5 39. Rd5 Re1 40.
Kh2 Rf2+ 41. Rg2 Be5+ 42. Rxe5 Rxg2+ 43. Kxg2 Rxe5 44. Nxa4 Rf5 45. Nb6 Kf7 46.
a3 Rf4 47. Nd7 c4 48. Ne5+ Kf6 49. Ng4+ Kf5 50. Ne3+ Ke5 51. Kg1 Kd4 52. Ng2
Rf3 53. Nxh4 Rb3 0-1

[Event "BL 1819 SV 1920 Hofheim - SC Viernheim"]
[Site "?"]
[Date "2018.11.25"]
[Round "4.8"]
[White "Weber, Ulrich"]
[Black "Meinhardt, Maximilian"]
[Result "1-0"]
[WhiteElo "2347"]
[BlackElo "2403"]
[PlyCount "149"]
[EventDate "2018.??.??"]

1. Nf3 c5 2. g3 Nc6 3. Bg2 g6 4. e4 Bg7 5. O-O d6 6. c3 Nf6 7. Re1 O-O 8. h3
Bd7 9. d3 Rc8 10. a4 Ne5 11. Nxe5 dxe5 12. Na3 Ne8 13. Be3 Be6 14. Kh2 Qd7 15.
Qd2 Bb3 16. a5 Nf6 17. Nb1 Be6 18. c4 Rfd8 19. Ra3 Qc7 20. Qe2 Bd7 21. Nc3 Qd6
22. Rb1 Bc6 23. Nd5 Nd7 24. b4 cxb4 25. Nxb4 Nc5 26. h4 Bd7 27. Bf1 h5 28. Ra2
Ra8 29. Nd5 Bc6 30. f3 Ne6 31. Qf2 Nd4 32. Rc1 e6 33. c5 Qd7 34. Nb4 Bb5 35.
Nc2 a6 36. Na3 Nb3 37. Rb1 Nxa5 38. Nxb5 axb5 39. Rba1 Qc7 40. Bd2 b4 41. Bxb4
Nc6 42. Rxa8 Nxb4 43. Rxd8+ Qxd8 44. Qb2 Qd4 45. Qxd4 exd4 46. Rb1 Na6 47. Rxb7
Nxc5 48. Rb8+ Bf8 49. Kg2 Kg7 50. f4 Na4 51. Kf2 Nc3 52. Be2 Ba3 53. Rd8 Bb2
54. Bf3 Na2 55. Ke2 Bc3 56. Kf2 Nb4 57. Be2 Kf6 58. Rd7 Kg7 59. Kf3 Kf6 60. g4
hxg4+ 61. Kxg4 Nc2 62. e5+ Kg7 63. Kg5 Nb4 64. h5 gxh5 65. Bxh5 Nxd3 66. Rxf7+
Kg8 67. Rf6 Bd2 68. Kg4 Kg7 69. Kf3 Be3 70. Bg4 Ne1+ 71. Ke4 Bc1 72. Rxe6 d3
73. Rd6 d2 74. f5 d1=Q 75. Rxd1 1-0

[Event "BL 1819 Hamburger SK - MSA Zugzwang"]
[Site "?"]
[Date "2018.11.25"]
[Round "4.1"]
[White "Mons, Leon"]
[Black "Svane, Rasmus"]
[Result "1/2-1/2"]
[WhiteElo "2554"]
[BlackElo "2600"]
[PlyCount "89"]
[EventDate "2018.??.??"]

1. e4 c6 2. d4 d5 3. exd5 cxd5 4. Bd3 Nc6 5. c3 Nf6 6. Bf4 Bg4 7. Qb3 Qd7 8.
Nd2 e6 9. Ngf3 Bd6 10. Bxd6 Qxd6 11. O-O O-O 12. Rfe1 Qc7 13. a4 Rfc8 14. Qa3
Ne7 15. Ne5 Bf5 16. a5 Bxd3 17. Nxd3 Nf5 18. Qc5 Qd8 19. Qb4 Rab8 20. Nc5 Qc7
21. Nf3 Nd7 22. Nxd7 Qxd7 23. Ne5 Qd8 24. Qa4 Nd6 25. Qd7 Rc7 26. Qxd8+ Rxd8
27. f3 Re8 28. Kf2 Kf8 29. Re2 Ree7 30. g4 Nc4 31. Nxc4 Rxc4 32. f4 Rc6 33. Ke3
Ra6 34. Kd3 g6 35. h4 Ke8 36. Rh2 Kd7 37. h5 Re8 38. hxg6 hxg6 39. b3 b5 40. b4
Rc8 41. Rh3 Rac6 42. Kc2 Rg8 43. Rah1 Rcc8 44. Kd3 Ke7 45. g5 1/2-1/2

[Event "BL 1819 Hamburger SK - MSA Zugzwang"]
[Site "?"]
[Date "2018.11.25"]
[Round "4.2"]
[White "Huschenbeth, Niclas"]
[Black "Hertneck, Gerald"]
[Result "1/2-1/2"]
[WhiteElo "2586"]
[BlackElo "2492"]
[PlyCount "126"]
[EventDate "2018.??.??"]

1. e4 e6 2. d4 d5 3. Nc3 Nc6 4. Nf3 Nf6 5. Bd3 Nb4 6. Bg5 Be7 7. e5 Nxd3+ 8.
cxd3 Nd7 9. Bxe7 Qxe7 10. O-O O-O 11. Rc1 b6 12. Qa4 c5 13. Rfe1 Bb7 14. dxc5
bxc5 15. Qa3 d4 16. Ne4 Rfc8 17. Nxd4 Bxe4 18. dxe4 Nxe5 19. Ne2 Qb7 20. Qc3
Nc6 21. Nf4 c4 22. Nh5 f6 23. Qxc4 Nd8 24. Qa4 Nf7 25. b3 Ne5 26. Nf4 Qb6 27.
h3 Rxc1 28. Rxc1 Rd8 29. Qa3 g5 30. Nh5 Kf7 31. Qb2 Kg6 32. Qe2 Rd3 33. Kh2 Qd6
34. Ng3 Rd2 35. Qh5+ Kg7 36. Rf1 Ng6 37. Qf3 Nf4 38. Qe3 Rxa2 39. Re1 Qb6 40.
Kg1 Nd3 41. Qxb6 axb6 42. Rd1 Nxf2 43. Rd6 Kf7 44. Rxb6 Nd3 45. Nh5 Ra1+ 46.
Kh2 Nf4 47. g4 Re1 48. Rb7+ Kg6 49. Rg7+ Kh6 50. Rf7 Nxh5 51. gxh5 Rxe4 52.
Rxf6+ Kxh5 53. b4 g4 54. hxg4+ Kg5 55. Rf7 Rxb4 56. Rxh7 Rxg4 57. Kh3 Rf4 58.
Kg3 Rf5 59. Rh8 Kf6 60. Rf8+ Ke5 61. Rxf5+ Kxf5 62. Kf3 Ke5 63. Ke3 Kd5 1/2-1/2

[Event "BL 1819 Hamburger SK - MSA Zugzwang"]
[Site "?"]
[Date "2018.11.25"]
[Round "4.3"]
[White "Zysk, Robert"]
[Black "Kempinski, Robert"]
[Result "1/2-1/2"]
[WhiteElo "2404"]
[BlackElo "2574"]
[PlyCount "107"]
[EventDate "2018.??.??"]

1. d4 Nf6 2. c4 g6 3. Nf3 Bg7 4. g3 O-O 5. Bg2 d6 6. O-O Nbd7 7. Nc3 e5 8. dxe5
dxe5 9. h3 c6 10. Be3 Qc7 11. Qc1 Rd8 12. Rd1 b6 13. Bh6 Bh8 14. Qe3 Ba6 15. b3
Ne8 16. Rac1 Nd6 17. g4 Bb7 18. Ng5 Nc5 19. b4 Na6 20. c5 bxc5 21. bxc5 Ne8 22.
Nce4 Rxd1+ 23. Rxd1 Nb4 24. Nd6 Nxd6 25. cxd6 Qd7 26. Qb3 Nd5 27. Ne4 Bc8 28.
Nc3 Nxc3 29. Qxc3 Bb7 30. Qc5 a6 31. Rb1 Rd8 32. Bg5 f6 33. Qc4+ Kg7 34. Be3
Ba8 35. Bc5 f5 36. g5 h6 37. gxh6+ Kh7 38. Rb6 e4 39. f4 Kxh6 40. e3 Bb7 41.
Qb4 Bc8 42. Rb8 g5 43. fxg5+ Kxg5 44. Bd4 Kh5 45. Qb2 Bxd4 46. Qxd4 Rg8 47. Kh1
Qe6 48. d7 Qxa2 49. Rb2 Qa1+ 50. Kh2 Qe1 51. d8=Q Qg3+ 52. Kh1 Qe1+ 53. Kh2
Qg3+ 54. Kh1 1/2-1/2

[Event "BL 1819 Hamburger SK - MSA Zugzwang"]
[Site "?"]
[Date "2018.11.25"]
[Round "4.4"]
[White "Lampert, Jonas"]
[Black "Schramm, Christian"]
[Result "1-0"]
[WhiteElo "2547"]
[BlackElo "2371"]
[PlyCount "81"]
[EventDate "2018.??.??"]

1. d4 Nf6 2. c4 e6 3. g3 Bb4+ 4. Bd2 a5 5. Bg2 O-O 6. Nf3 b6 7. Ne5 Ra7 8. O-O
d6 9. Nd3 Bxd2 10. Nxd2 Bb7 11. e4 Nc6 12. d5 Nd4 13. f4 exd5 14. cxd5 c6 15.
dxc6 Bxc6 16. Rc1 b5 17. Nb3 Nxb3 18. Rxc6 Nd4 19. Rc1 Rc7 20. Qd2 Rxc1 21.
Rxc1 Qb6 22. Nf2 Rd8 23. Rd1 Ne6 24. f5 Nf8 25. Qd4 Qxd4 26. Rxd4 Rd7 27. Bf1
b4 28. g4 h6 29. h4 N8h7 30. Bb5 Rb7 31. Bc6 Rb6 32. Rxd6 Kf8 33. Rd8+ Ke7 34.
Rc8 Kd6 35. Ba4 Ke5 36. Rc7 g5 37. fxg6 fxg6 38. Re7+ Kf4 39. e5 Nxg4 40. Nxg4
Kxg4 41. Rxh7 1-0

[Event "BL 1819 Hamburger SK - MSA Zugzwang"]
[Site "?"]
[Date "2018.11.25"]
[Round "4.5"]
[White "Gerigk, Erasmus"]
[Black "Ernst, Sipke"]
[Result "0-1"]
[WhiteElo "2355"]
[BlackElo "2535"]
[PlyCount "136"]
[EventDate "2018.??.??"]

1. e4 e5 2. Nf3 Nc6 3. Bc4 Bc5 4. d3 Nf6 5. c3 d6 6. Bb3 h6 7. O-O a6 8. d4 Ba7
9. dxe5 Nxe5 10. Nxe5 dxe5 11. Qxd8+ Kxd8 12. Nd2 Ke7 13. Nf3 Be6 14. Re1 Ng4
15. Re2 Rhd8 16. Bd2 Bxb3 17. axb3 Rd3 18. Be1 Ke6 19. Rd2 Rxd2 20. Nxd2 Rd8
21. Nf3 Bb6 22. Kf1 g6 23. h3 Nf6 24. Nd2 Nh5 25. g3 f5 26. exf5+ gxf5 27. Nc4
Nf6 28. Ke2 h5 29. f3 Nd5 30. Nxb6 Nxb6 31. c4 Nd7 32. Rd1 Rg8 33. Kf2 Nb8 34.
Ba5 Rg7 35. Bc3 Rd7 36. Re1 Nc6 37. Re2 Nd4 38. Re1 c5 39. Re3 b6 40. Re1 a5
41. g4 hxg4 42. hxg4 Rh7 43. gxf5+ Kxf5 44. Kg2 Rh5 45. Kg3 Rh6 46. Kg2 Re6 47.
Rh1 Nxb3 48. Rh5+ Kg6 49. Rxe5 Rxe5 50. Bxe5 Nd2 51. Bc3 Nxc4 52. b3 Ne3+ 53.
Kg3 Kf5 54. Bg7 Nf1+ 55. Kf2 Nd2 56. Ke2 Nxb3 57. Kd3 b5 58. Kc3 Nd4 59. Bf8
Ne6 60. Bd6 a4 61. Bg3 b4+ 62. Kc4 a3 63. Kb3 Nd4+ 64. Ka2 Ke6 65. Bf2 Kd5 66.
f4 Ne2 67. f5 Nc3+ 68. Ka1 b3 0-1

[Event "BL 1819 Hamburger SK - MSA Zugzwang"]
[Site "?"]
[Date "2018.11.25"]
[Round "4.6"]
[White "Heinemann, Thies"]
[Black "Eichler, Christoph"]
[Result "1-0"]
[WhiteElo "2521"]
[BlackElo "2315"]
[PlyCount "131"]
[EventDate "2018.??.??"]

1. e4 e5 2. Nf3 Nc6 3. Bb5 a6 4. Bxc6 dxc6 5. O-O Qf6 6. d4 exd4 7. Bg5 Qd6 8.
Nxd4 Bd7 9. Nc3 Be7 10. Be3 O-O-O 11. Qe2 Nh6 12. f3 f5 13. Rfd1 fxe4 14. Nxe4
Qg6 15. c3 Nf5 16. Bf2 Rhe8 17. Qf1 Nxd4 18. Rxd4 Bf5 19. Re1 Rxd4 20. Bxd4 Bh4
21. g3 Be7 22. Re2 Be6 23. b3 Qf7 24. Qe1 h6 25. Nd2 Bf6 26. Bxf6 Qxf6 27. Re5
Qf7 28. Qe3 b6 29. Qe4 Kb7 30. c4 Bd7 31. Rxe8 Qxe8 32. Qxe8 Bxe8 33. Kf2 Kc8
34. Ke3 Kd7 35. Kd4 Ke6 36. b4 Kf5 37. Nf1 Bf7 38. Ne3+ Kf6 39. a3 Be6 40. h4
g5 41. hxg5+ hxg5 42. Ke4 Bg8 43. f4 gxf4 44. gxf4 Be6 45. f5 Bg8 46. c5 Ba2
47. Kf4 Bb3 48. Ng4+ Ke7 49. Ke5 Ba2 50. Nf2 Bb1 51. Nh3 Ba2 52. Ng5 Bb3 53.
Kf4 Ba2 54. Nf3 Kf6 55. Ne5 Bb1 56. Ng4+ Ke7 57. Kg5 Ba2 58. Kg6 Bb1 59. Ne5
Be4 60. Nc4 Bd3 61. Ne5 Be4 62. a4 bxc5 63. bxc5 a5 64. Nc4 Bc2 65. Nxa5 Bxa4
66. Kg7 1-0

[Event "BL 1819 Hamburger SK - MSA Zugzwang"]
[Site "?"]
[Date "2018.11.25"]
[Round "4.7"]
[White "Lammers, Markus"]
[Black "Sebastian, Dirk"]
[Result "1/2-1/2"]
[WhiteElo "2298"]
[BlackElo "2442"]
[PlyCount "96"]
[EventDate "2018.??.??"]

1. Nf3 g6 2. d4 Bg7 3. c4 d6 4. g3 Nd7 5. Bg2 e5 6. O-O Ne7 7. Nc3 O-O 8. dxe5
dxe5 9. Qc2 Nf5 10. Rd1 Nd4 11. Qd2 Nc5 12. b4 Nxf3+ 13. Bxf3 Qxd2 14. Bxd2 Ne6
15. Rac1 f5 16. Bg2 Rd8 17. Be3 Rxd1+ 18. Rxd1 Kf7 19. Nb5 a5 20. bxa5 Nd4 21.
Nxd4 exd4 22. Bxd4 Bxd4 23. Rxd4 Rxa5 24. Rd2 b6 25. e3 Be6 26. Bf1 Ke7 27. Be2
Rc5 28. Rd4 Ra5 29. Rd2 Ra4 30. Kf1 Bxc4 31. Bxc4 Rxc4 32. Ke2 b5 33. Kf3 c6
34. h3 h5 35. h4 Ke6 36. Ke2 Ke5 37. Kf3 Ra4 38. Ke2 Ra3 39. Kd1 c5 40. Kc1 b4
41. Kb2 c4 42. Rd4 c3+ 43. Kb1 b3 44. axb3 Rxb3+ 45. Kc1 Rb2 46. Rf4 Kd5 47.
Kd1 Kc5 48. Kc1 Re2 1/2-1/2

[Event "BL 1819 Hamburger SK - MSA Zugzwang"]
[Site "?"]
[Date "2018.11.25"]
[Round "4.8"]
[White "Carlstedt, Jonathan"]
[Black "Dirr, Ulrich"]
[Result "1-0"]
[WhiteElo "2418"]
[BlackElo "2244"]
[PlyCount "135"]
[EventDate "2018.??.??"]

1. d4 f5 2. Bg5 g6 3. Nc3 Bg7 4. h4 h6 5. Bf4 Nf6 6. Qd3 d6 7. Nh3 Nc6 8. O-O-O
O-O 9. e4 fxe4 10. Nxe4 Bf5 11. Qb3+ d5 12. Ng3 Bxh3 13. gxh3 Ne4 14. Bxc7 Qxc7
15. Qxd5+ Kh8 16. Qxe4 Rxf2 17. Rg1 Nb4 18. Bd3 Qf4+ 19. Qxf4 Rxf4 20. Be4 Rxh4
21. c3 Nc6 22. Bxg6 Rxh3 23. Nf5 Bf6 24. Kb1 Rg8 25. Bf7 Rg5 26. Rdf1 Rh2 27.
Bd5 Nd8 28. Be4 Kg8 29. a4 b6 30. Ka2 Kf8 31. Ka3 Ke8 32. Rh1 Rgh5 33. a5 Rxh1
34. Bxh1 Kd7 35. axb6 axb6 36. Ng3 Ra5+ 37. Kb4 Ne6 38. Bf3 Nc7 39. Rh1 Rb5+
40. Ka3 Ra5+ 41. Kb3 Bg5 42. Bg4+ e6 43. Ne4 Rb5+ 44. Kc2 Nd5 45. Be2 Ne3+ 46.
Kd3 Ng2 47. b4 Nf4+ 48. Kc4 Rf5 49. Bg4 Rf8 50. Ra1 Bd8 51. Ra7+ Bc7 52. Bd1 h5
53. Ba4+ Kd8 54. Kb5 Rf7 55. Kc6 Nd5 56. Ra8+ Ke7 57. Bb3 Nxc3 58. Nxc3 Rf3 59.
Nb5 Rxb3 60. Kxc7 Rxb4 61. Kxb6 Kf6 62. Rh8 Kg5 63. Kc5 Rb1 64. Nc7 h4 65.
Nxe6+ Kg4 66. d5 Rc1+ 67. Kd6 Rd1 68. Rg8+ 1-0

[Event "BL 1819 SG Turm Kiel - BCA Augsburg"]
[Site "?"]
[Date "2018.11.25"]
[Round "4.2"]
[White "Dziuba, Marcin"]
[Black "Laznicka, Viktor"]
[Result "0-1"]
[WhiteElo "2574"]
[BlackElo "2668"]
[PlyCount "56"]
[EventDate "2018.??.??"]

1. d4 d5 2. c4 c6 3. Nf3 Nf6 4. Nc3 a6 5. e3 Bf5 6. Bd2 e6 7. Nh4 Bg4 8. Qb3 b5
9. cxd5 exd5 10. h3 Be6 11. Qd1 Nbd7 12. Bd3 c5 13. dxc5 Nxc5 14. Bc2 d4 15.
exd4 Qxd4 16. Nf3 Nd3+ 17. Bxd3 Qxd3 18. Ne5 Qf5 19. Qe2 Rd8 20. O-O-O Rc8 21.
Rhe1 Bd6 22. Nf3 O-O 23. Nd4 Qg6 24. Nxe6 Rfe8 25. Qf3 fxe6 26. Be3 Nd5 27. Kd2
Rc4 28. g3 b4 0-1

[Event "BL 1819 SG Turm Kiel - BCA Augsburg"]
[Site "?"]
[Date "2018.11.25"]
[Round "4.3"]
[White "Postny, Evgeny"]
[Black "Khenkin, Igor"]
[Result "1/2-1/2"]
[WhiteElo "2617"]
[BlackElo "2546"]
[PlyCount "40"]
[EventDate "2018.??.??"]

1. d4 d5 2. c4 c6 3. Nf3 dxc4 4. a4 e6 5. e3 b5 6. b3 Bb4+ 7. Bd2 Bxd2+ 8.
Nfxd2 Ne7 9. bxc4 b4 10. c5 O-O 11. Nc4 Nd7 12. f4 Ba6 13. Nbd2 Rb8 14. Qb3 Nf6
15. Ne5 Bxf1 16. Rxf1 Nfd5 17. Ndc4 Nc3 18. Nd6 Ned5 19. g3 Nxe3 20. Nxc6 Qc7
1/2-1/2

[Event "BL 1819 SG Turm Kiel - BCA Augsburg"]
[Site "?"]
[Date "2018.11.25"]
[Round "4.4"]
[White "Rasmussen, Allan Stig"]
[Black "Prusikin, Michael"]
[Result "0-1"]
[WhiteElo "2543"]
[BlackElo "2510"]
[PlyCount "78"]
[EventDate "2018.??.??"]

1. c4 e6 2. Nc3 d5 3. d4 a6 4. cxd5 exd5 5. Bf4 Nf6 6. e3 Bd6 7. Nge2 O-O 8. h3
c6 9. Qc2 a5 10. Bxd6 Qxd6 11. Nf4 Re8 12. Be2 Nbd7 13. O-O Nf8 14. Na4 Ng6 15.
Nxg6 hxg6 16. Qc5 Qd8 17. Qb6 Qe7 18. Qc5 Qd8 19. Qb6 Qe7 20. Nc5 g5 21. Rfe1
g6 22. Rac1 Kg7 23. Rc3 Rh8 24. Bf3 g4 25. hxg4 Nxg4 26. g3 Qf6 27. e4 g5 28.
e5 Rh1+ 29. Kg2 Rh2+ 30. Kg1 Rh1+ 31. Kg2 Rh2+ 32. Kg1 Qh6 33. Rc2 Bf5 34. Rd2
Rh8 35. Kf1 Qh3+ 36. Ke2 Nxf2 37. Bxd5 Bg4+ 38. Bf3 Bxf3+ 39. Kxf3 Qxg3+ 0-1

[Event "BL 1819 SG Turm Kiel - BCA Augsburg"]
[Site "?"]
[Date "2018.11.25"]
[Round "4.5"]
[White "Arnaudov, G. Petar"]
[Black "Jakubiec, Artur"]
[Result "1-0"]
[WhiteElo "2459"]
[BlackElo "2508"]
[PlyCount "71"]
[EventDate "2018.??.??"]

1. d4 Nf6 2. c4 d6 3. Nc3 g6 4. e4 Bg7 5. h3 O-O 6. Be3 c5 7. Nf3 cxd4 8. Nxd4
Nc6 9. Be2 Bd7 10. O-O Nxd4 11. Bxd4 Bc6 12. Qc2 Nd7 13. Bxg7 Kxg7 14. b4 b6
15. Rad1 a6 16. a3 Qb8 17. Nd5 Re8 18. Rfe1 Qb7 19. Bg4 Nf8 20. Qc3+ f6 21. f4
Kg8 22. e5 dxe5 23. fxe5 f5 24. Bf3 Rac8 25. Qb3 Kg7 26. e6 Bxd5 27. Bxd5 Qc7
28. Qc3+ Kg8 29. Qe3 h5 30. Rf1 Nh7 31. Qh6 Nf8 32. Rde1 Qg3 33. Re3 Qh4 34. g4
Nh7 35. Qxg6+ Kh8 36. Rxf5 1-0

[Event "BL 1819 SG Turm Kiel - BCA Augsburg"]
[Site "?"]
[Date "2018.11.25"]
[Round "4.6"]
[White "Hector, Jonny"]
[Black "Rozentalis, Eduardas"]
[Result "1/2-1/2"]
[WhiteElo "2495"]
[BlackElo "2524"]
[PlyCount "204"]
[EventDate "2018.??.??"]

1. e4 e6 2. d4 d5 3. e5 c5 4. c3 Qb6 5. Nf3 Bd7 6. Bd3 cxd4 7. Nxd4 Nc6 8. Nxc6
bxc6 9. Nd2 Ne7 10. Qe2 c5 11. Nf3 Nc6 12. O-O Be7 13. Rb1 O-O 14. b4 c4 15.
Bc2 f6 16. exf6 Bxf6 17. b5 Ne7 18. Ne5 Be8 19. Be3 Qd6 20. Bd4 Bg6 21. Bxg6
Nxg6 22. f4 Bxe5 23. fxe5 Qa3 24. Qg4 Qxa2 25. Qxe6+ Kh8 26. Qxd5 Nf4 27. Qe4
Ne2+ 28. Kh1 Nxd4 29. cxd4 c3 30. e6 Qc4 31. Rfe1 Rae8 32. e7 Rf6 33. h3 Kg8
34. Re2 h6 35. Rc1 Rf4 36. Qc6 Qxe2 37. Qxe8+ Kh7 38. Qf8 Qe3 39. Rxc3 Qxc3 40.
Qxf4 Qe1+ 41. Kh2 Qxe7 42. Qf5+ Kg8 43. Qd5+ Kh7 44. Qc5 Qf6 45. Kg1 Qf4 46. d5
Qe5 47. Kf2 Qf4+ 48. Kg1 Qe5 49. Qc2+ Kg8 50. Qd2 Kf7 51. Qf2+ Ke8 52. Qxa7
Qxd5 53. Qxg7 Qc5+ 54. Kh1 Qxb5 55. Qxh6 Qe5 56. h4 Kf7 57. Qg5 Qd6 58. Kg1 Kf8
59. Kf2 Kf7 60. g3 Qd4+ 61. Qe3 Qb2+ 62. Kf3 Kg7 63. Kg4 Qb7 64. Qe5+ Kg8 65.
Kg5 Qd7 66. h5 Qd2+ 67. Kh4 Kh7 68. Qe4+ Kh8 69. Kg4 Qd7+ 70. Kf4 Qd2+ 71. Qe3
Qb4+ 72. Kg5 Qb5+ 73. Kh4 Qc4+ 74. g4 Qf7 75. Qh6+ Kg8 76. Qg6+ Kh8 77. Qh6+
Kg8 78. Qe3 Qc7 79. Qd2 Kh7 80. Qd3+ Kh8 81. h6 Qe7+ 82. Kh5 Qe8+ 83. Kh4 Qe1+
84. Qg3 Qh1+ 85. Kg5 Qd5+ 86. Kg6 Qe6+ 87. Kh5 Qe8+ 88. Kh4 Kh7 89. g5 Qe4+ 90.
Kh3 Qe6+ 91. Qg4 Qe3+ 92. Kg2 Qd2+ 93. Kf1 Qc1+ 94. Ke2 Qc2+ 95. Ke3 Qc3+ 96.
Kf2 Qd2+ 97. Kf1 Qc1+ 98. Kg2 Qd2+ 99. Kh3 Qe3+ 100. Qg3 Qe6+ 101. Kg2 Qe2+
102. Kg1 Qd1+ 1/2-1/2

[Event "BL 1819 SG Turm Kiel - BCA Augsburg"]
[Site "?"]
[Date "2018.11.25"]
[Round "4.7"]
[White "Nestorovic, Nikola"]
[Black "Pakleza, Zbigniew"]
[Result "1/2-1/2"]
[WhiteElo "2455"]
[BlackElo "2508"]
[PlyCount "43"]
[EventDate "2018.??.??"]

1. e4 d5 2. exd5 Nf6 3. Bb5+ Bd7 4. Be2 Nxd5 5. d4 Bf5 6. a3 e6 7. c4 Nb6 8.
Nc3 Be7 9. Nf3 O-O 10. Be3 Nc6 11. h3 h6 12. g4 Bh7 13. h4 Re8 14. g5 h5 15. b4
Bf5 16. Rc1 Bf8 17. Ne5 Nxe5 18. dxe5 g6 19. O-O c6 20. Qxd8 Rexd8 21. Rfd1 Be7
22. Kf1 1/2-1/2

[Event "BL 1819 SG Turm Kiel - BCA Augsburg"]
[Site "?"]
[Date "2018.11.25"]
[Round "4.8"]
[White "Bromann, Thorbjorn"]
[Black "Pitl, Gregory"]
[Result "1/2-1/2"]
[WhiteElo "2396"]
[BlackElo "2387"]
[PlyCount "48"]
[EventDate "2018.??.??"]

1. d4 d5 2. Bg5 f6 3. Bh4 Nh6 4. e3 Nf5 5. Bg3 h5 6. Be2 h4 7. Bh5+ Kd7 8. Bf4
g5 9. e4 dxe4 10. Bg4 e6 11. Bd2 c6 12. Nc3 Nd6 13. Nh3 Be7 14. Be2 Kc7 15. Na4
Nf5 16. c3 Nd7 17. b4 b6 18. Qc2 Nf8 19. Qxe4 Qd5 20. f3 Nd6 21. Qd3 Nf5 22.
Nf2 Ng6 23. Qe4 Bd6 24. Ng4 Rf8 1/2-1/2

[Event "BL 1819 USV TU Dresden - SF Deizisau"]
[Site "?"]
[Date "2018.11.25"]
[Round "4.1"]
[White "Leko, Peter"]
[Black "Nisipeanu, Liviu-Dieter"]
[Result "1/2-1/2"]
[WhiteElo "2679"]
[BlackElo "2674"]
[PlyCount "63"]
[EventDate "2018.??.??"]

1. e4 e5 2. Nf3 Nf6 3. Nxe5 d6 4. Nf3 Nxe4 5. Nc3 Nf6 6. d4 Be7 7. Bd3 O-O 8.
O-O Bg4 9. h3 Bh5 10. Re1 Re8 11. d5 Nbd7 12. g4 Bg6 13. g5 Nh5 14. Be2 h6 15.
h4 hxg5 16. hxg5 Nf8 17. Bb5 Qc8 18. Bxe8 Qg4+ 19. Kh2 Rxe8 20. Rg1 Qf5 21. Be3
Bd8 22. Rg2 Nf4 23. Rg3 Bh5 24. Qd4 N4g6 25. Qd3 Qd7 26. Nd4 c5 27. dxc6 bxc6
28. Qf5 Qb7 29. Qh3 Qxb2 30. Rh1 Qxc3 31. Qxh5 Bb6 32. Qd1 1/2-1/2